LEADER 02452nas 2200613-a 450 001 996208187303316 005 20221208213020.0 011 $a2079-0600 035 $a(DE-599)ZDB2599319-7 035 $a(OCoLC)726972220 035 $a(CKB)2580000000006171 035 $a(CONSER)--2019204569 035 $a(EXLCZ)992580000000006171 100 $a20110524a20119999 --- - 101 0 $aeng 135 $aur||||||||||| 181 $ctxt$2rdacontent 182 $cc$2rdamedia 183 $acr$2rdacarrier 200 00$aRussian journal of genetics$iApplied research 210 3 $aMoscow $cMAIK Nauka/Interperiodica Publ. ;$aNew York $cDistributed by Springer 300 $aRefereed/Peer-reviewed 311 $a2079-0597 330 3 $aRussian Journal of Genetics: Applied Research contains translations of papers selected from two leading Russian journals - Vavilovskii Zhurnal Genetiki I Selektsii (Vavilov Journal of Genetics and Breeding) and Ekologicheskaya genetika (Ecological Genetics). The main topics of the journal are: cell biology, cytogenetics, molecular biology, developmental genetics; plant, animal and human genetics; population and evolutionary genetics; microbial, plant and animal biotechnology; bioinformatics and systems biology. The journal also considers all aspects of ecological genetics including behavioral genetics, human ecological genetics, environmental and genetic toxicology, emerging diseases, mutagenesis and carcinogenesis, simbiogenetics, aging, genetic models in ecology. 531 $aRUSSIAN JOURNAL OF GENETICS 606 $aGenetics$vPeriodicals 606 $aGenetics$2fast$3(OCoLC)fst00940117 608 $aPeriodicals.$2fast 610 00$agenetica 610 00$agenetics 610 00$ahumane genetica 610 00$ahuman genetics 610 00$acytogenetica 610 00$acytogenetics 610 00$apopulatiegenetica 610 00$apopulation genetics 610 00$aevolutionaire genetica 610 00$aevolutionary genetics 610 00$averedelen 610 00$abreeding 610 00$abioinformatics 610 00$abiotechnologie 610 00$abiotechnology 610 00$arusland 610 00$arussia 610 10$aGenetics (General) 610 10$aGenetica (algemeen) 615 0$aGenetics 615 7$aGenetics. 676 $a576.5 906 $aJOURNAL 912 $a996208187303316 996 $aRussian journal of genetics$92020246 997 $aUNISA